Giáo trinh marketing căn bản

Sách giới thiệu tổng quan về marketing và quản trị marketing nhằm giúp người học tìm hiểu bản chất của marketing. Cách thức các chủ thể làm marketing xây dựng hệ thống thông tin marketing và tiến trình thực hiện một cuộc nghiên cứu marketing....

全面介绍

Đã lưu trong:
书目详细资料
主要作者: Trần Minh Đạo (Chủ biên)
格式: 图书
语言:Vietnamese
出版: H. Đại học kinh tế quốc dân 2013
主题:
标签: 添加标签
没有标签, 成为第一个标记此记录!
Thư viện lưu trữ: Thư viện Trường Đại học Nam Cần Thơ
LEADER 01864nam a22002417a 4500
001 NCT_90642
008 210623b xxu||||| |||| 00| 0 vie d
999 |c 4471  |d 4471 
020 |a 9786049276903  |c 78000 
082 0 4 |2 23rd ed.  |a 658.8007  |b Đ108 
100 1 |a Trần Minh Đạo  |e Chủ biên 
245 1 0 |a Giáo trinh marketing căn bản  |c Trần Minh Đạo (chủ biên) 
260 |a H.  |b Đại học kinh tế quốc dân  |c 2013 
300 |a 619 tr.  |b minh họa  |c 24cm 
520 3 |a Sách giới thiệu tổng quan về marketing và quản trị marketing nhằm giúp người học tìm hiểu bản chất của marketing. Cách thức các chủ thể làm marketing xây dựng hệ thống thông tin marketing và tiến trình thực hiện một cuộc nghiên cứu marketing. Giới thiệu các đặc điểm hành vi của hai loại khách hàng điển hình,.... 
653 |a Quản trị kinh doanh 
942 |2 ddc  |c BK 
952 |0 0  |1 0  |2 ddc  |4 0  |6 658_800700000000000_Đ108  |7 0  |9 21420  |a 000001  |b 000001  |d 2021-06-23  |o 658.8007 Đ108  |p MD.18696  |r 2021-06-23  |v 78000.00  |w 2021-06-23  |y BK 
952 |0 0  |1 0  |2 ddc  |4 0  |6 658_800700000000000_Đ108  |7 0  |9 21421  |a 000001  |b 000001  |d 2021-06-23  |o 658.8007 Đ108  |p MD.18697  |r 2021-06-23  |v 78000.00  |w 2021-06-23  |y BK 
952 |0 0  |1 0  |2 ddc  |4 0  |6 658_800700000000000_Đ108  |7 0  |9 21422  |a 000001  |b 000001  |d 2021-06-23  |o 658.8007 Đ108  |p MD.18698  |r 2021-06-23  |v 78000.00  |w 2021-06-23  |y BK 
952 |0 0  |1 0  |2 ddc  |4 0  |6 658_800700000000000_Đ108  |7 0  |9 21423  |a 000001  |b 000001  |d 2021-06-23  |o 658.8007 Đ108  |p MD.18699  |r 2021-06-23  |v 78000.00  |w 2021-06-23  |y BK 
952 |0 0  |1 0  |2 ddc  |4 0  |6 658_800700000000000_Đ108  |7 0  |9 21424  |a 000001  |b 000001  |d 2021-06-23  |o 658.8007 Đ108  |p MD.18700  |r 2021-06-23  |v 78000.00  |w 2021-06-23  |y BK 
980 |a Thư viện Trường Đại học Nam Cần Thơ